| 000 | 01210cam a2200265 4500 | ||
|---|---|---|---|
| 001 | ABS64439 | ||
| 008 | 010911n2001 000 0 eng u | ||
| 035 | _a(Sirsi) u114509 | ||
| 240 | 0 | _aFat boys case. | |
| 245 | _aLady Manor Ltd v Fat Cat Cafe Bars Ltd | ||
| 260 | _c2001 | ||
| 490 |
_aEstates Gazette _v[2001] 33 EG 88-93(6) |
||
| 520 | _aWest London County Court 22 May 2001. Examined the issue of whether an estate agent (L) was entitled to a fee from a transaction resulting from information in a cold-calling letter. It was decided that L could not claim any fee as there had been no pre-existing contract between L and Fat Cat Cafe Bars (F) and no contract had been made after the receipt of the letter, although the information contained in the letter led to an offer being made on the property mentioned. L's appeal was dismissed. | ||
| 590 | _aABS | ||
| 650 | _aLADY MANOR LTD V FAT CAT CAFE BARS | ||
| 650 | _aESTATE AGENTS | ||
| 650 | _aESTATE AGENTS FEES | ||
| 650 | _aNON-RETAINED AGENTS | ||
| 650 | _aINTRODUCTORY FEES | ||
| 650 | _aCOMMISSIONS | ||
| 650 | _aENTITLEMENT | ||
| 650 | _aPROPERTY TRANSACTIONS | ||
| 690 | _aPROPERTY AND LAND LAW-AGENCY-CASE LAW | ||
| 942 | _n0 | ||
| 999 |
_c68221 _d68221 |
||